Quick as a cricket / (Record no. 5893)

MARC details
000 -LEADER
fixed length control field 00961nam a22003137a 4500
001 - CONTROL NUMBER
control field 5893
003 - CONTROL NUMBER IDENTIFIER
control field FISKH
005 - DATE AND TIME OF LATEST TRANSACTION
control field 20250822105142.0
008 - FIXED-LENGTH DATA ELEMENTS--GENERAL INFORMATION
fixed length control field 250131b cb ||||| |||| 00| 0 eng d
020 ## - INTERNATIONAL STANDARD BOOK NUMBER
International Standard Book Number 0590469002
020 ## - INTERNATIONAL STANDARD BOOK NUMBER
International Standard Book Number 9780859533065
040 ## - CATALOGING SOURCE
Original cataloging agency FISKH
Language of cataloging eng
Transcribing agency FISKH
Modifying agency FISKH
050 ## - LIBRARY OF CONGRESS CALL NUMBER
Classification number PZ8.W848 Q
082 ## - DEWEY DECIMAL CLASSIFICATION NUMBER
Classification number 823.914
100 ## - MAIN ENTRY--PERSONAL NAME
Personal name Wood, Audrey
Dates associated with a name (1948–)
245 ## - TITLE STATEMENT
Title Quick as a cricket /
Statement of responsibility, etc. by Audrey Wood ; illustrated by Don Wood
250 ## - EDITION STATEMENT
Edition statement First printing in 1994
260 ## - PUBLICATION, DISTRIBUTION, ETC.
Place of publication, distribution, etc. New York :
Name of publisher, distributor, etc. Scholastic,
Date of publication, distribution, etc. 1982.
300 ## - PHYSICAL DESCRIPTION
Extent 31 pages :
Other physical details color illustrations ;
Dimensions 25 cm
505 ## - FORMATTED CONTENTS NOTE
Formatted contents note E<br/>
520 ## - SUMMARY, ETC.
Summary, etc. A young boy describes himself as "loud as a lion," "quiet as a clam," "tough as a rhino," and "gentle as a lamb."
521 8# - TARGET AUDIENCE NOTE
Target audience note 240<br/>
Source Lexile<br/>
521 8# - TARGET AUDIENCE NOTE
Target audience note E<br/>
Source Raz-Plus<br/>
650 ## - SUBJECT ADDED ENTRY--TOPICAL TERM
Source of heading or term All About Me
Topical term or geographic name entry element Feelings
650 ## - SUBJECT ADDED ENTRY--TOPICAL TERM
Source of heading or term Self-awareness
Topical term or geographic name entry element Bugs
700 ## - ADDED ENTRY--PERSONAL NAME
Personal name Wood, Don
Dates associated with a name illustrator
942 ## - ADDED ENTRY ELEMENTS (KOHA)
Source of classification or shelving scheme Dewey Decimal Classification
Koha item type Books
Suppress in OPAC No
Holdings
Withdrawn status Lost status Source of classification or shelving scheme Damaged status Not for loan Collection Home library Current library Shelving location Date acquired Total Checkouts Full call number Barcode Date last seen Copy number Price effective from Koha item type
    Dewey Decimal Classification     Juvenile Fiction Footprints International School Library Network Toul Kork Campus Footprints International School Library Network Toul Kork Campus TK Primary Library Room(4th Floor), Bookcase 7, Shelves 57-60, Dark Green Books 01/31/2025   WOO 823.914 PZ8.W848 Q FISTK01984 01/31/2025 1 01/31/2025 Books
    Dewey Decimal Classification     Juvenile Fiction Footprints International School Library Network Toul Kork Campus Footprints International School Library Network Toul Kork Campus TK Primary Library Room(4th Floor), Bookcase 7, Shelves 57-60, Dark Green Books 07/23/2025   WOO 823.914 PZ8.W848 Q FISBK01765 07/23/2025 2 07/23/2025 Books
    Dewey Decimal Classification     Juvenile Fiction Footprints International School Library Network Toul Tom Poung Campus Footprints International School Library Network Toul Tom Poung Campus TTP Primary Green Bookshelves 08/22/2025   WOO 823.914 PZ8.W848 Q FISBK01766 08/22/2025 3 08/22/2025 Books